[Event "Sonflow Cup Kolding M1 2024"]
[Site "Kolding"]
[Date "2024.04.12"]
[Round "1.1"]
[Board "1"]
[White "Stefansson, Vignir Vatnar"]
[Black "Ramsdal, Jens Albert"]
[Result "0-1"]
[WhiteElo "2459"]
[BlackElo "2376"]
[PlyCount "90"]
[EventDate "2024-04-12"]
[EventType "swiss"]
[EventRounds "5"]
[EventCountry "DEN"]
[SourceTitle "Live v. Kasper Jerwiarz"]
[Table "1"]

1. e4 e6 2. d4 d5 3. Nc3 Bb4 4. exd5 exd5 5. Bd3 Nf6 
6. Nge2 O-O 7. O-O Re8 8. a3 Be7 9. Bf4 c6 10. Qd2 Nbd7 
11. Ng3 g6 12. Rae1 Nf8 13. h3 h5 14. Nge2 N6h7 15. Nd1 Ne6 
16. Be5 Bf8 17. Ne3 Nc5 18. Nf4 Ne4 19. Qd1 Qg5 20. Nexd5 cxd5 
21. Nxd5 Nd2 22. h4 Qd8 23. Nc7 Nxf1 24. Nxa8 Bg4 25. f3 Rxe5 
26. Rxe5 Qxd4+ 27. Kxf1 Qxe5 28. fxg4 Nf6 29. gxh5 Nxh5 30. g4 Qf4+ 
31. Ke1 Bc5 32. Qd2 Qxg4 33. Qg5 Qe6+ 34. Kd1 Be7 35. Qg1 Bxh4 
36. Nc7 Qe5 37. Nb5 Qxb2 38. Qe3 Qa1+ 39. Kd2 Qf6 40. Qxa7 Bg5+ 
41. Kd1 Qa1+ 42. Ke2 Nf4+ 43. Kf3 Qh1+ 44. Kf2 Qg2+ 45. Ke1 Nxd3+ 
0-1

[Event "Sonflow Cup Kolding M1 2024"]
[Site "Kolding"]
[Date "2024.04.12"]
[Round "1.2"]
[Board "2"]
[White "Kopylov, Michael"]
[Black "Fromm, Marius"]
[Result "1/2-1/2"]
[WhiteElo "2364"]
[BlackElo "2454"]
[PlyCount "60"]
[EventDate "2024-04-12"]
[EventType "swiss"]
[EventRounds "5"]
[EventCountry "DEN"]
[SourceTitle "Live v. Kasper Jerwiarz"]
[Table "2"]

1. d4 d5 2. Nf3 Nf6 3. c4 e6 4. g3 Bb4+ 5. Bd2 Be7 
6. Bg2 O-O 7. O-O c6 8. Qc2 Nbd7 9. Bf4 a5 10. Rd1 h6 
11. Ne5 a4 12. Nc3 a3 13. b3 Qa5 14. Rac1 Rd8 15. e4 Nxe5 
16. dxe5 Nxe4 17. Nxe4 dxe4 18. Bxe4 Bd7 19. Qe2 Be8 20. Qg4 Rxd1+ 
21. Rxd1 Rd8 22. h4 Rxd1+ 23. Qxd1 g5 24. hxg5 hxg5 25. Kf1 gxf4 
26. Qh5 Bd8 27. Qh6 Qxe5 28. Bh7+ Kh8 29. Bg6+ Kg8 30. Bh7+ Kh8 
1/2-1/2

[Event "Sonflow Cup Kolding M1 2024"]
[Site "Kolding"]
[Date "2024.04.12"]
[Round "1.3"]
[Board "3"]
[White "Hamitevici, Vladimir"]
[Black "Heimisson, Hilmir Freyr"]
[Result "1-0"]
[WhiteElo "2445"]
[BlackElo "2361"]
[PlyCount "105"]
[EventDate "2024-04-12"]
[EventType "swiss"]
[EventRounds "5"]
[EventCountry "DEN"]
[SourceTitle "Live v. Kasper Jerwiarz"]
[Table "3"]

1. Nf3 d5 2. g3 g6 3. Bg2 Bg7 4. d4 c6 5. O-O Nf6 
6. a4 a5 7. c4 Na6 8. cxd5 Nxd5 9. e4 Ndb4 10. h3 b6 
11. Na3 Nc7 12. Nc2 Nxc2 13. Qxc2 Bb7 14. Rd1 O-O 15. Bd2 Na6 
16. Qb3 Ra7 17. Bc3 Ba8 18. Ne5 Qb8 19. f4 Bxe5 20. fxe5 Nc7 
21. h4 Ne6 22. Bh3 Ng7 23. Rf1 e6 24. Bg2 Rd8 25. Qc2 Rad7 
26. Qf2 Qc7 27. g4 c5 28. dxc5 bxc5 29. Qe1 h5 30. Bxa5 Qxe5 
31. Bxd8 Rxd8 32. Qf2 hxg4 33. Qxf7+ Kh7 34. Qf6 Qb8 35. Rad1 Rg8 
36. Qc3 Qa7 37. a5 Nh5 38. Rd6 Qe7 39. Qxc5 Qxh4 40. Rd7+ Ng7 
41. Qe5 Kh6 42. Qh2 Qxh2+ 43. Kxh2 Nh5 44. e5 g3+ 45. Kg1 Bxg2 
46. Kxg2 Rb8 47. Rd2 Kg5 48. a6 Rb4 49. Ra1 Rh4 50. Kg1 Nf4 
51. a7 Nh3+ 52. Kf1 Nf4 53. a8=Q 1-0

[Event "Sonflow Cup Kolding M1 2024"]
[Site "Kolding"]
[Date "2024.04.12"]
[Round "1.4"]
[Board "4"]
[White "Kopylov, Daniel"]
[Black "Olsen, Filip Boe"]
[Result "1/2-1/2"]
[WhiteElo "2355"]
[BlackElo "2440"]
[PlyCount "78"]
[EventDate "2024-04-12"]
[EventType "swiss"]
[EventRounds "5"]
[EventCountry "DEN"]
[SourceTitle "Live v. Kasper Jerwiarz"]
[Table "4"]

1. d4 Nf6 2. Nf3 d5 3. c4 e6 4. Nc3 c6 5. Qb3 Nbd7 
6. Bf4 Be7 7. h3 O-O 8. e3 a6 9. c5 b6 10. cxb6 Qxb6 
11. Qxb6 Nxb6 12. Ne5 Bb7 13. Nd3 Nfd7 14. Bc7 Rfc8 15. Bxb6 Nxb6 
16. Rc1 a5 17. Be2 c5 18. Nxc5 Bxc5 19. dxc5 Rxc5 20. Kd2 Rd8 
21. f3 d4 22. exd4 Rxd4+ 23. Ke3 Rb4 24. Rhd1 g5 25. b3 a4 
26. Rd8+ Kg7 27. Bd1 Bd5 28. a3 Rxb3 29. Bxb3 axb3 30. Kd4 Na4 
31. Rb8 e5+ 32. Kd3 Be6 33. Kd2 Nb2 34. Ne4 Rd5+ 35. Ke2 Nd3 
36. Rc3 Nf4+ 37. Kf2 Rd4 38. Rbxb3 Bxb3 39. Rxb3 h6 1/2-1/2

[Event "Sonflow Cup Kolding M1 2024"]
[Site "Kolding"]
[Date "2024.04.12"]
[Round "1.5"]
[Board "5"]
[White "Hector, Jonny"]
[Black "Skytte, Rasmus"]
[Result "0-1"]
[WhiteElo "2425"]
[BlackElo "2345"]
[PlyCount "90"]
[EventDate "2024-04-12"]
[EventType "swiss"]
[EventRounds "5"]
[EventCountry "DEN"]
[SourceTitle "Live v. Kasper Jerwiarz"]
[Table "5"]

1. e4 c5 2. Nf3 Nc6 3. d4 cxd4 4. Nxd4 g6 5. Nc3 Bg7 
6. Be3 Nf6 7. Bc4 O-O 8. Bb3 Re8 9. f3 d5 10. Bxd5 Nxd5 
11. exd5 Nb4 12. Nde2 Bf5 13. Rc1 Qa5 14. g4 Bd7 15. Qd2 e6 
16. d6 Bc6 17. O-O Rad8 18. Ng3 Nd5 19. Nce4 Qxd2 20. Bxd2 f5 
21. gxf5 exf5 22. c4 Bd4+ 23. Nf2 Ne3 24. Rfe1 Bxf3 25. Bc3 Rxd6 
26. Bxd4 Rxd4 27. Rc3 f4 28. Ne2 Bxe2 29. Rxe2 Red8 30. h3 Rd2 
31. Rxd2 Rxd2 32. Rb3 b6 33. c5 bxc5 34. Ne4 Rc2 35. Rb7 f3 
36. Rxa7 Rg2+ 37. Kh1 f2 38. Nxf2 Rxf2 39. Rb7 Nd1 40. a4 Rxb2 
41. Rc7 Nf2+ 42. Kg2 Ra2 43. Kf3 Nxh3 44. Kg4 Nf2+ 45. Kg5 Ne4+ 
0-1

[Event "Sonflow Cup Kolding M1 2024"]
[Site "Kolding"]
[Date "2024.04.12"]
[Round "1.6"]
[Board "6"]
[White "Vinther Schou, Uffe"]
[Black "Brynell, Stellan"]
[Result "1/2-1/2"]
[WhiteElo "2345"]
[BlackElo "2402"]
[PlyCount "157"]
[EventDate "2024-04-12"]
[EventType "swiss"]
[EventRounds "5"]
[EventCountry "DEN"]
[SourceTitle "Live v. Kasper Jerwiarz"]
[Table "6"]

1. c4 Nf6 2. g3 e5 3. Bg2 c6 4. Nf3 e4 5. Nd4 Qb6 
6. Nb3 a5 7. d3 a4 8. N3d2 Bc5 9. O-O e3 10. fxe3 Bxe3+ 
11. Kh1 Ng4 12. Ne4 O-O 13. Nbc3 f5 14. h3 Bxc1 15. Qxc1 Nh6 
16. Nd6 Na6 17. Nxa4 Qb4 18. Nxc8 Raxc8 19. Nc3 Rce8 20. Qd2 Nc7 
21. Rae1 Ne6 22. e3 Qd6 23. Kh2 Rf6 24. d4 Nf7 25. Ne2 Neg5 
26. Nf4 g6 27. Qa5 Qb8 28. c5 Ne4 29. h4 Nh6 30. Bf3 Rf7 
31. Re2 Rfe7 32. Qe1 Nf6 33. Kh1 Nhg4 34. Bxg4 Nxg4 35. Rf3 Qa7 
36. b3 b6 37. cxb6 Qxb6 38. Qc3 Re4 39. Qd3 Rxe3 40. Rexe3 Rxe3 
41. Qf1 Qxd4 42. Rxe3 Qxe3 43. Qe2 Kf7 44. Kg2 Qxe2+ 45. Nxe2 Ne3+ 
46. Kf3 Nd5 47. a4 Ke7 48. g4 fxg4+ 49. Kxg4 h6 50. Nd4 Kd6 
51. Nf3 c5 52. a5 Nb4 53. Kf4 Ke6 54. Nh2 Kd5 55. Ng4 g5+ 
56. hxg5 hxg5+ 57. Kxg5 Kd4 58. Nf6 d5 59. Kf5 Na6 60. Kf4 Nc7 
61. Kf3 Ke5 62. Nd7+ Kd6 63. Nf6 Kc6 64. Ke2 Kb5 65. Kd3 d4 
66. Nd7 Na6 67. Ne5 Nb4+ 68. Ke4 Kxa5 69. Nc4+ Kb5 70. Nd6+ Kb6 
71. Nc4+ Kc6 72. Ne5+ Kb5 73. Nf3 Nc6 74. Kd5 Kb6 75. Nd2 Na5 
76. b4 cxb4 77. Kxd4 Kb5 78. Kd3 Ka4 79. Ke4 1/2-1/2

[Event "Sonflow Cup Kolding M1 2024"]
[Site "Kolding"]
[Date "2024.04.13"]
[Round "2.1"]
[Board "1"]
[White "Ramsdal, Jens Albert"]
[Black "Hamitevici, Vladimir"]
[Result "1/2-1/2"]
[WhiteElo "2376"]
[BlackElo "2445"]
[PlyCount "109"]
[EventDate "2024-04-12"]
[EventType "swiss"]
[EventRounds "5"]
[EventCountry "DEN"]
[SourceTitle "Live v. Kasper Jerwiarz"]
[Table "1"]

1. d4 Nf6 2. c4 c5 3. d5 b5 4. cxb5 a6 5. bxa6 g6 
6. Nc3 Bg7 7. e4 O-O 8. Bc4 Qa5 9. a7 Qxa7 10. Nf3 Ba6 
11. Nd2 d6 12. O-O Nbd7 13. a4 Nb6 14. Bxa6 Qxa6 15. Qc2 Qa5 
16. Ra3 Nfd7 17. Ncb1 Qb4 18. b3 Rfb8 19. Ra2 c4 20. bxc4 Nc5 
21. Bb2 Nbxa4 22. Bxg7 Kxg7 23. Nf3 Nb3 24. h4 Rc8 25. Nbd2 Nxd2 
26. Nxd2 Qc3 27. Rc1 Qxc2 28. Rcxc2 Nc5 29. Kf1 f5 30. exf5 gxf5 
31. Nf3 Kf6 32. Rxa8 Rxa8 33. g3 Rg8 34. Ng5 h6 35. Nh3 Rc8 
36. Nf4 Nd7 37. Ng2 Ne5 38. Ne3 f4 39. gxf4 Ng6 40. Ng2 Kf5 
41. Re2 Nxf4 42. Rxe7 Nxg2 43. Kxg2 Rxc4 44. Kg3 Rg4+ 45. Kh3 Rd4 
46. Re6 Rxd5 47. Rxh6 Rd1 48. Kg3 d5 49. Rd6 Ke5 50. Rd8 Rg1+ 
51. Kf3 Rg7 52. Ke3 Rh7 53. f4+ Ke6 54. Re8+ Ke5 55. Ke4+ 1/2-1/2

[Event "Sonflow Cup Kolding M1 2024"]
[Site "Kolding"]
[Date "2024.04.13"]
[Round "2.2"]
[Board "2"]
[White "Skytte, Rasmus"]
[Black "Kopylov, Michael"]
[Result "1-0"]
[WhiteElo "2345"]
[BlackElo "2364"]
[PlyCount "67"]
[EventDate "2024-04-12"]
[EventType "swiss"]
[EventRounds "5"]
[EventCountry "DEN"]
[SourceTitle "Live v. Kasper Jerwiarz"]
[Table "2"]

1. e4 e6 2. d4 d5 3. Bd3 dxe4 4. Bxe4 Nf6 5. Bf3 c5 
6. Ne2 Be7 7. Be3 O-O 8. Nbc3 Qc7 9. O-O Rd8 10. Nb5 Qb6 
11. c4 Nc6 12. b4 cxb4 13. Qc2 Qa5 14. a3 b3 15. Qxb3 a6 
16. Nbc3 Qc7 17. c5 Na5 18. Qb4 Nc6 19. Qb3 Na5 20. Qb4 Nc6 
21. Qb2 Na5 22. Bf4 Qd7 23. Rfd1 Nd5 24. Nxd5 exd5 25. Nc3 Qf5 
26. Bc7 Nc4 27. Qe2 Be6 28. Bxd8 Rxd8 29. Nxd5 Rxd5 30. Qxc4 Rxc5 
31. Qb4 Rc7 32. Qb6 Qf4 33. d5 Bc5 34. dxe6 1-0

[Event "Sonflow Cup Kolding M1 2024"]
[Site "Kolding"]
[Date "2024.04.13"]
[Round "2.3"]
[Board "3"]
[White "Fromm, Marius"]
[Black "Kopylov, Daniel"]
[Result "1/2-1/2"]
[WhiteElo "2454"]
[BlackElo "2355"]
[PlyCount "90"]
[EventDate "2024-04-12"]
[EventType "swiss"]
[EventRounds "5"]
[EventCountry "DEN"]
[SourceTitle "Live v. Kasper Jerwiarz"]
[Table "3"]

1. e4 e5 2. Nf3 Nf6 3. Nxe5 d6 4. Nf3 Nxe4 5. d4 d5 
6. Bd3 Nc6 7. O-O Be7 8. Nbd2 Nxd2 9. Bxd2 Bg4 10. c3 O-O 
11. h3 Bh5 12. g3 Qd7 13. Kg2 Bg6 14. Bf4 Be4 15. Re1 f5 
16. Kh2 Bd6 17. Ne5 Bxe5 18. dxe5 Qe7 19. h4 Bxd3 20. Qxd3 Qe6 
21. Rad1 Rad8 22. Qb5 b6 23. Rd2 d4 24. c4 h6 25. Qa4 Rf7 
26. h5 d3 27. Re3 Rfd7 28. Qd1 Qxc4 29. e6 Re7 30. b3 Qc3 
31. Rdxd3 Rxd3 32. Rxd3 Qb2 33. Rd2 Qf6 34. Rd7 Qxe6 35. Rxe7 Nxe7 
36. Qd8+ Kh7 37. Qxc7 Nd5 38. Qe5 Qf7 39. Kg2 Nxf4+ 40. Qxf4 Qxh5 
41. Qc7 Qe2 42. Qxa7 Qe4+ 43. Kg1 Qe1+ 44. Kg2 Qe4+ 45. Kg1 Qd4 
1/2-1/2

[Event "Sonflow Cup Kolding M1 2024"]
[Site "Kolding"]
[Date "2024.04.13"]
[Round "2.4"]
[Board "4"]
[White "Olsen, Filip Boe"]
[Black "Vinther Schou, Uffe"]
[Result "1-0"]
[WhiteElo "2440"]
[BlackElo "2345"]
[PlyCount "83"]
[EventDate "2024-04-12"]
[EventType "swiss"]
[EventRounds "5"]
[EventCountry "DEN"]
[SourceTitle "Live v. Kasper Jerwiarz"]
[Table "4"]

1. d4 Nf6 2. c4 e6 3. Nc3 Bb4 4. e3 c5 5. Nge2 b6 
6. a3 Ba5 7. Rb1 Na6 8. Ng3 Bb7 9. f3 O-O 10. Bd3 d5 
11. O-O dxc4 12. Bxc4 Qe7 13. Nce4 Nd5 14. dxc5 bxc5 15. Qe2 Nac7 
16. Nd2 Nb6 17. Bd3 Rfd8 18. b4 Na4 19. bxa5 Nc3 20. Qf2 Nxb1 
21. Bxb1 Ba6 22. Re1 Rab8 23. Bc2 c4 24. e4 c3 25. Nb1 Nb5 
26. Be3 Rbc8 27. Nh5 e5 28. Qg3 g6 29. Bg5 Qc5+ 30. Kh1 Nd4 
31. Nf6+ Kg7 32. Nd5 Rxd5 33. exd5 f6 34. Be3 Qxd5 35. Bxd4 exd4 
36. Re7+ Kf8 37. Rxh7 Qe5 38. Qh4 d3 39. Qh6+ Ke8 40. Qxg6+ Kd8 
41. Qg8+ Qe8 42. Qd5+ 1-0

[Event "Sonflow Cup Kolding M1 2024"]
[Site "Kolding"]
[Date "2024.04.13"]
[Round "2.5"]
[Board "5"]
[White "Brynell, Stellan"]
[Black "Stefansson, Vignir Vatnar"]
[Result "1/2-1/2"]
[WhiteElo "2402"]
[BlackElo "2459"]
[PlyCount "62"]
[EventDate "2024-04-12"]
[EventType "swiss"]
[EventRounds "5"]
[EventCountry "DEN"]
[SourceTitle "Live v. Kasper Jerwiarz"]
[Table "5"]

1. d4 f5 2. g3 Nf6 3. Bg2 g6 4. Nf3 Bg7 5. O-O O-O 
6. c4 d6 7. Nc3 c6 8. d5 e5 9. dxe6 Bxe6 10. b3 Na6 
11. Bb2 Qe7 12. e3 Rad8 13. Qe2 Nc5 14. b4 Nfe4 15. Rac1 Nxc3 
16. Bxc3 Bxc3 17. Rxc3 Ne4 18. Rc2 Qf6 19. Nd4 Bf7 20. a3 Rfe8 
21. Qd3 c5 22. Ne2 d5 23. cxd5 Rxd5 24. Qb5 cxb4 25. Qxb4 Qe7 
26. Nd4 Qxb4 27. axb4 Rd7 28. Rfc1 Nd6 29. h4 a6 30. Bf3 Kg7 
31. Rc5 Ree7 1/2-1/2

[Event "Sonflow Cup Kolding M1 2024"]
[Site "Kolding"]
[Date "2024.04.13"]
[Round "2.6"]
[Board "6"]
[White "Heimisson, Hilmir Freyr"]
[Black "Hector, Jonny"]
[Result "1-0"]
[WhiteElo "2361"]
[BlackElo "2425"]
[PlyCount "71"]
[EventDate "2024-04-12"]
[EventType "swiss"]
[EventRounds "5"]
[EventCountry "DEN"]
[SourceTitle "Live v. Kasper Jerwiarz"]
[Table "6"]

1. e4 e5 2. Nf3 Nc6 3. Bc4 Nf6 4. Ng5 d5 5. exd5 b5 
6. Bf1 Nxd5 7. Bxb5 Bb7 8. d3 Be7 9. Nf3 Qd6 10. O-O O-O-O 
11. Nc3 Nd4 12. Nxd4 exd4 13. Qg4+ Kb8 14. Nxd5 Qxd5 15. Bc4 Qc6 
16. f3 g5 17. Bd2 Qg6 18. Rae1 h5 19. Qg3 h4 20. Qe5 Bd6 
21. Qxg5 Qh7 22. Qf6 h3 23. g3 Rdg8 24. Bf4 Rg6 25. Qxd4 Rhg8 
26. Bxd6 Rxd6 27. Qf4 Rd7 28. Re5 Qg6 29. Qe3 Qf6 30. c3 c5 
31. Re1 Qxf3 32. Qxf3 Bxf3 33. Kf2 Bc6 34. Rxc5 Rg6 35. Rf5 Rgd6 
36. d4 1-0

[Event "Sonflow Cup Kolding M1 2024"]
[Site "Kolding"]
[Date "2024.04.13"]
[Round "3.1"]
[Board "1"]
[White "Hamitevici, Vladimir"]
[Black "Skytte, Rasmus"]
[Result "1/2-1/2"]
[WhiteElo "2445"]
[BlackElo "2345"]
[PlyCount "60"]
[EventDate "2024-04-12"]
[EventType "swiss"]
[EventRounds "5"]
[EventCountry "DEN"]
[SourceTitle "Live v. Kasper Jerwiarz"]
[Table "1"]

1. c4 Nf6 2. Nf3 e6 3. g3 d5 4. Bg2 Be7 5. O-O O-O 
6. b3 c5 7. Bb2 Nc6 8. cxd5 Nxd5 9. Nc3 Nxc3 10. dxc3 Qc7 
11. e4 e5 12. Nd2 Bg5 13. Nc4 Be6 14. Qe2 b5 15. Ne3 Bxe3 
16. Qxe3 Qb6 17. Rfc1 Rfd8 18. Ba3 b4 19. Bb2 bxc3 20. Bxc3 c4 
21. Qxb6 axb6 22. bxc4 Bxc4 23. a3 Nd4 24. Bxd4 Rxd4 25. Rab1 b5 
26. Bf1 g6 27. Rc3 Ra4 28. Bxc4 Rdxc4 29. Re3 b4 30. Rxb4 Raxb4 
1/2-1/2

[Event "Sonflow Cup Kolding M1 2024"]
[Site "Kolding"]
[Date "2024.04.13"]
[Round "3.2"]
[Board "2"]
[White "Ramsdal, Jens Albert"]
[Black "Olsen, Filip Boe"]
[Result "0-1"]
[WhiteElo "2376"]
[BlackElo "2440"]
[PlyCount "58"]
[EventDate "2024-04-12"]
[EventType "swiss"]
[EventRounds "5"]
[EventCountry "DEN"]
[SourceTitle "Live v. Kasper Jerwiarz"]
[Table "2"]

1. d4 d5 2. c4 e6 3. Nf3 Nf6 4. Nc3 c6 5. e3 a6 
6. b3 Bb4 7. Bd2 O-O 8. Bd3 Nbd7 9. O-O Bd6 10. e4 dxc4 
11. bxc4 e5 12. c5 Bc7 13. Na4 exd4 14. h3 Re8 15. Qc2 Nh5 
16. Nxd4 Ne5 17. Be2 Qxd4 18. Bc3 Qd8 19. Bxh5 Bxh3 20. f4 Bg4 
21. Bxg4 Nxg4 22. Rf3 b5 23. Nb2 Qe7 24. Nd3 Qxe4 25. Nb4 Bxf4 
26. Raf1 Qxc2 27. Nxc2 Bh2+ 28. Kh1 Be5 29. Nd4 Nh2 0-1

[Event "Sonflow Cup Kolding M1 2024"]
[Site "Kolding"]
[Date "2024.04.13"]
[Round "3.3"]
[Board "3"]
[White "Heimisson, Hilmir Freyr"]
[Black "Fromm, Marius"]
[Result "1/2-1/2"]
[WhiteElo "2361"]
[BlackElo "2454"]
[PlyCount "86"]
[EventDate "2024-04-12"]
[EventType "swiss"]
[EventRounds "5"]
[EventCountry "DEN"]
[SourceTitle "Live v. Kasper Jerwiarz"]
[Table "3"]

1. Nf3 Nf6 2. g3 b6 3. Bg2 Bb7 4. O-O g6 5. b3 Bg7 
6. Bb2 c5 7. c4 O-O 8. d4 cxd4 9. Qxd4 d6 10. Qd2 Nbd7 
11. Nc3 Ne4 12. Nxe4 Bxe4 13. Bxg7 Kxg7 14. Qd4+ Nf6 15. Rad1 Qc7 
16. g4 h6 17. h4 e5 18. Qxd6 Qxd6 19. Rxd6 Nxg4 20. Rfd1 Rfe8 
21. h5 Nf6 22. hxg6 fxg6 23. Nh4 Bxg2 24. Nxg2 Rac8 25. Ne3 Re7 
26. a4 Rcc7 27. Rd8 Rcd7 28. R1xd7 Rxd7 29. Ra8 Ne4 30. Re8 Nd2 
31. b4 Rc7 32. Nd5 Rd7 33. Ne3 Rc7 34. Nd5 Rd7 35. Rc8 Nxc4 
36. Rxc4 Rxd5 37. Rc7+ Kf6 38. Rxa7 Rd4 39. b5 h5 40. Kg2 e4 
41. Ra6 Kf5 42. e3 Rb4 43. Kg3 Kg5 1/2-1/2

[Event "Sonflow Cup Kolding M1 2024"]
[Site "Kolding"]
[Date "2024.04.13"]
[Round "3.4"]
[Board "4"]
[White "Kopylov, Daniel"]
[Black "Brynell, Stellan"]
[Result "1-0"]
[WhiteElo "2355"]
[BlackElo "2402"]
[PlyCount "69"]
[EventDate "2024-04-12"]
[EventType "swiss"]
[EventRounds "5"]
[EventCountry "DEN"]
[SourceTitle "Live v. Kasper Jerwiarz"]
[Table "4"]

1. e4 e6 2. d4 d5 3. e5 c5 4. c3 Qb6 5. Nf3 Nc6 
6. Be2 Nh6 7. Bxh6 gxh6 8. Qd2 Bg7 9. O-O O-O 10. Na3 cxd4 
11. cxd4 Bd7 12. Nc2 a5 13. Rab1 f6 14. exf6 Rxf6 15. b4 Be8 
16. b5 Ne7 17. Ne5 Rf8 18. Bd3 Ng6 19. Bxg6 hxg6 20. a4 Rc8 
21. Rbc1 Bxe5 22. dxe5 Rc4 23. Qxh6 Rxa4 24. Ne3 Qd8 25. Qh3 Qg5 
26. Qxe6+ Bf7 27. Qd6 Rd8 28. Qc7 Re8 29. h3 Be6 30. Qxb7 Qxe5 
31. b6 Rb4 32. Rc5 Qd6 33. Rc6 Qe5 34. Ng4 Qd4 35. Re1 1-0

[Event "Sonflow Cup Kolding M1 2024"]
[Site "Kolding"]
[Date "2024.04.13"]
[Round "3.5"]
[Board "5"]
[White "Stefansson, Vignir Vatnar"]
[Black "Kopylov, Michael"]
[Result "0-1"]
[WhiteElo "2459"]
[BlackElo "2364"]
[PlyCount "48"]
[EventDate "2024-04-12"]
[EventType "swiss"]
[EventRounds "5"]
[EventCountry "DEN"]
[SourceTitle "Live v. Kasper Jerwiarz"]
[Table "5"]

1. e4 e6 2. d4 d5 3. Nd2 dxe4 4. Nxe4 Nd7 5. Nf3 Ngf6 
6. Nxf6+ Nxf6 7. Be3 Nd5 8. Bd2 c5 9. c4 Nf6 10. dxc5 Bxc5 
11. b4 Be7 12. Qc2 O-O 13. Bd3 b6 14. O-O Bb7 15. Ne5 Qc7 
16. Rae1 Rfd8 17. Bc3 Rac8 18. Re3 g6 19. Rfe1 Nd5 20. Nxf7 Nxe3 
21. fxe3 Rxd3 22. Nh6+ Kf8 23. Qxd3 Qxc4 24. Qd7 Rc7 0-1

[Event "Sonflow Cup Kolding M1 2024"]
[Site "Kolding"]
[Date "2024.04.13"]
[Round "3.6"]
[Board "6"]
[White "Vinther Schou, Uffe"]
[Black "Hector, Jonny"]
[Result "1/2-1/2"]
[WhiteElo "2345"]
[BlackElo "2425"]
[PlyCount "120"]
[EventDate "2024-04-12"]
[EventType "swiss"]
[EventRounds "5"]
[EventCountry "DEN"]
[SourceTitle "Live v. Kasper Jerwiarz"]
[Table "6"]

1. c4 e5 2. Nc3 Bb4 3. Nd5 Be7 4. d4 exd4 5. Qxd4 Nf6 
6. Nxe7 Qxe7 7. Bg5 Nc6 8. Qc3 d6 9. Bxf6 gxf6 10. e3 b6 
11. Ne2 Bb7 12. Nf4 O-O-O 13. Nd5 Qe5 14. Rc1 h5 15. h4 Rh6 
16. Rh3 Rg8 17. Rf3 Rg4 18. Rf4 Kd8 19. g3 Rxf4 20. Nxf4 Ne7 
21. Be2 Bc6 22. b4 Bd7 23. c5 d5 24. Bf3 Bg4 25. Bg2 c6 
26. Qa3 bxc5 27. bxc5 Qb8 28. Bf1 Ng6 29. Nxg6 fxg6 30. Bd3 g5 
31. Rb1 Qc7 32. Ba6 gxh4 33. gxh4 Rg6 34. Rb7 Qe5 35. Qa5+ Ke8 
36. Bd3 Rg7 37. Rb3 Bc8 38. Qc3 Qxc3+ 39. Rxc3 Kd8 40. Ra3 Rg4 
41. Rxa7 Rxh4 42. Kf1 Rh1+ 43. Kg2 Rc1 44. Rf7 Rc3 45. Bg6 Rxc5 
46. Rxf6 h4 47. Rf4 h3+ 48. Kg3 Rc1 49. Bf5 Bxf5 50. Rxf5 Ke7 
51. Kxh3 Ke6 52. Rf4 c5 53. Kg3 c4 54. Kf3 Rc2 55. Rd4 Ke5 
56. Kg3 Rxa2 57. f4+ Ke6 58. e4 dxe4 59. Rxc4 Kd5 60. Rc8 Ra7 
1/2-1/2

[Event "Sonflow Cup Kolding M1 2024"]
[Site "Kolding"]
[Date "2024.04.14"]
[Round "4.1"]
[Board "1"]
[White "Olsen, Filip Boe"]
[Black "Skytte, Rasmus"]
[Result "1/2-1/2"]
[WhiteElo "2440"]
[BlackElo "2345"]
[PlyCount "60"]
[EventDate "2024-04-12"]
[EventType "swiss"]
[EventRounds "5"]
[EventCountry "DEN"]
[SourceTitle "Live v. Kasper Jerwiarz"]
[Table "1"]

1. Nf3 b6 2. d4 Bb7 3. g3 Nf6 4. c4 e6 5. Bg2 Bb4+ 
6. Bd2 Bxd2+ 7. Nbxd2 O-O 8. O-O c5 9. dxc5 bxc5 10. Qc2 Nc6 
11. a3 Qe7 12. e3 Rab8 13. Rfd1 Rfd8 14. h3 d6 15. g4 Qc7 
16. Rab1 Ne7 17. b4 Ng6 18. g5 Nd7 19. Ne4 Nb6 20. h4 cxb4 
21. h5 Qxc4 22. Qxc4 Nxc4 23. Rxb4 Bxe4 24. hxg6 Rxb4 25. gxf7+ Kxf7 
26. axb4 d5 27. Ra1 Rd7 28. Nd4 Bxg2 29. Kxg2 Rb7 30. Ra6 e5 
1/2-1/2

[Event "Sonflow Cup Kolding M1 2024"]
[Site "Kolding"]
[Date "2024.04.14"]
[Round "4.2"]
[Board "2"]
[White "Kopylov, Daniel"]
[Black "Hamitevici, Vladimir"]
[Result "1/2-1/2"]
[WhiteElo "2355"]
[BlackElo "2445"]
[PlyCount "104"]
[EventDate "2024-04-12"]
[EventType "swiss"]
[EventRounds "5"]
[EventCountry "DEN"]
[SourceTitle "Live v. Kasper Jerwiarz"]
[Table "2"]

1. d4 Nf6 2. Nf3 b6 3. c4 Bb7 4. Bf4 e6 5. a3 c5 
6. Nc3 cxd4 7. Qxd4 Nc6 8. Qd3 Nh5 9. Bg5 Be7 10. Bxe7 Nxe7 
11. Rd1 a6 12. e4 Qc7 13. Qd6 Qxd6 14. Rxd6 Nc8 15. Rd4 d6 
16. Be2 Nf4 17. g3 Nxe2 18. Kxe2 Ke7 19. Rhd1 Ra7 20. Ke3 f6 
21. R4d2 Ba8 22. Nd4 Rc7 23. Kd3 Na7 24. a4 Nc6 25. Nxc6+ Bxc6 
26. Ke3 Rd8 27. b3 Be8 28. f4 b5 29. axb5 axb5 30. Nxb5 Bxb5 
31. cxb5 Rc5 32. Rd4 Rxb5 33. b4 g5 34. Ra1 gxf4+ 35. gxf4 Rh5 
36. Rc4 Rd7 37. Ra8 Rh3+ 38. Kf2 d5 39. exd5 exd5 40. Rd4 Ke6 
41. Kg2 Rc3 42. Ra6+ Rd6 43. Ra5 h5 44. Kf2 h4 45. Kg2 h3+ 
46. Kf2 Rb3 47. Ra2 Rd8 48. Re2+ Kf7 49. Re3 Rb2+ 50. Re2 Rb3 
51. Re3 Rb2+ 52. Re2 Rb3 1/2-1/2

[Event "Sonflow Cup Kolding M1 2024"]
[Site "Kolding"]
[Date "2024.04.14"]
[Round "4.3"]
[Board "3"]
[White "Fromm, Marius"]
[Black "Ramsdal, Jens Albert"]
[Result "1-0"]
[WhiteElo "2454"]
[BlackElo "2376"]
[PlyCount "113"]
[EventDate "2024-04-12"]
[EventType "swiss"]
[EventRounds "5"]
[EventCountry "DEN"]
[SourceTitle "Live v. Kasper Jerwiarz"]
[Table "3"]

1. e4 e6 2. d4 d5 3. Nc3 Bb4 4. e5 c5 5. a3 Bxc3+ 
6. bxc3 Ne7 7. Qg4 cxd4 8. Qxg7 Rg8 9. Qxh7 Qc7 10. Rb1 Nbc6 
11. f4 Bd7 12. Nf3 O-O-O 13. Qd3 dxc3 14. h4 Nf5 15. Ng5 Rdf8 
16. g4 Nh6 17. Nh7 Nxg4 18. Nxf8 Rxf8 19. Be2 Nh6 20. Qxc3 Nf5 
21. h5 Ncd4 22. Qxc7+ Kxc7 23. Bd3 Rh8 24. Kf2 Nh6 25. Rg1 a6 
26. Be3 Ndf5 27. Bb6+ Kc8 28. Rg5 Bc6 29. Rb4 Kd7 30. a4 Rc8 
31. Rg1 Rh8 32. c4 dxc4 33. Rxc4 Ne7 34. Rd4+ Bd5 35. Be2 Rc8 
36. Rdd1 Ke8 37. Rc1 Bc6 38. Bf3 Bxa4 39. Bxb7 Rb8 40. Rc7 Nd5 
41. Bxd5 exd5 42. Ra1 Bb5 43. Ba7 Rd8 44. Bc5 Rd7 45. Rc8+ Rd8 
46. Rxd8+ Kxd8 47. Bf8 Ng4+ 48. Kg3 Ke8 49. Kxg4 Kxf8 50. Kg5 Kg7 
51. h6+ Kh7 52. f5 d4 53. e6 fxe6 54. fxe6 d3 55. e7 Kg8 
56. Kf6 Kh7 57. Rd1 1-0